|
|
|
|
| LEADER |
01941nam a2200313 a 4500 |
| 001 |
13619485 |
| 008 |
110515r20102005njua b 001 0 eng d |
| 010 |
|
|
|a 2004053288
|
| 020 |
|
|
|a 0805856021 (cloth : alk. paper)
|
| 020 |
|
|
|a 0805842497 (pbk. : alk. paper)
|
| 040 |
|
|
|a DLC
|c DLC
|d DLC
|d BD-DhAAL
|
| 082 |
0 |
0 |
|a 418/.0072
|2 22
|
| 100 |
1 |
|
|a Mackey, Alison.
|
| 245 |
1 |
0 |
|a Second language research :
|b methodology and design /
|c Alison Mackey, Susan M. Gass.
|
| 260 |
|
|
|a Mahwah, NJ :
|b Lawrence Erlbaum ;
|a New York :
|b Routledge,
|c 2005 [Reprinted 2010]
|
| 300 |
|
|
|a xv, 405 p. :
|b ill. ;
|c 23 cm.
|
| 504 |
|
|
|a Includes bibliographical references (p. 370-385) and indexes.
|
| 541 |
|
|
|e 00022516
|
| 650 |
|
0 |
|a Second language acquisition.
|
| 650 |
|
0 |
|a Second language acquisition
|x Research.
|
| 700 |
1 |
|
|a Gass, Susan M.
|
| 852 |
4 |
|
|a Ayesha Abed Library
|j General shelf
|
| 942 |
0 |
0 |
|0 3
|
| 999 |
|
|
|c 10840
|d 10840
|
| 952 |
|
|
|0 0
|1 0
|2 ddc
|4 0
|6 418_007200000000000_MAC
|7 0
|9 16475
|a BRACUL
|b BRACUL
|c GEN
|d 2011-05-11
|e Trust Line International
|g 6144.50
|l 8
|m 123
|o 418.0072 MAC
|p 3010022516
|r 2019-05-14
|s 2018-09-23
|t 1
|w 2011-05-16
|y BK
|
| 952 |
|
|
|0 0
|1 0
|2 ddc
|4 0
|6 418_007200000000000_MAC
|7 0
|9 16476
|a BRACUL
|b BRACUL
|c GEN
|d 2011-05-11
|e Trust Line International
|g 6144.50
|l 8
|m 77
|o 418.0072 MAC
|p 3010022517
|r 2018-01-23
|s 2017-08-09
|t 2
|w 2011-05-16
|y BK
|
| 952 |
|
|
|0 0
|1 0
|2 ddc
|4 0
|6 418_007200000000000_MAC
|7 0
|9 16477
|a BRACUL
|b BRACUL
|c GEN
|d 2011-05-11
|e Trust Line International
|g 6144.50
|l 6
|m 83
|o 418.0072 MAC
|p 3010022518
|r 2025-11-18
|s 2025-06-15
|t 3
|w 2011-05-16
|y BK
|
| 952 |
|
|
|0 0
|1 0
|2 ddc
|4 0
|6 418_007200000000000_MAC
|7 0
|9 16478
|a BRACUL
|b BRACUL
|c GEN
|d 2011-05-11
|e Trust Line International
|g 6144.50
|l 5
|m 94
|o 418.0072 MAC
|p 3010022519
|r 2017-12-26
|s 2017-05-23
|t 4
|w 2011-05-16
|y BK
|
| 952 |
|
|
|0 0
|1 0
|2 ddc
|4 0
|6 418_007200000000000_MAC
|7 0
|9 16479
|a BRACUL
|b BRACUL
|c GEN
|d 2011-05-11
|e Trust Line International
|g 6144.50
|l 10
|m 28
|o 418.0072 MAC
|p 3010022520
|r 2019-10-03
|s 2019-05-14
|t 5
|w 2011-05-16
|y BK
|